000
00218 a2200097 4500
001
13563
100
_a
Morrison H
245
_a
Government & Parliament
260
_a
London
_b
Oxford Univeristy
_c
090
_c
10566
_d
10566
942
_a
NUST-CAE
_c
M
_c
632
999
_c
248636
_d
248636